000 00294nam a22001337a 4500
008 181206b xxu||||| |||| 00| 0 eng d
020 _a9780136026990
041 _aeng
080 _28 TH
_a311
100 _a55
101 _aSTA
245 _aModern Statistics
_cJoh.E.F
942 _2udc
_cBK
999 _c52977
_d52977